[Event "10th Edmonton International Qualifier"]
[Site "Edmonton"]
[Date "2015.05.03"]
[Round "5.3"]
[White "Miller, David"]
[Black "Hughey, Leah"]
[Result "1-0"]
[WhiteElo "2204"]
[BlackElo "1700"]
[PlyCount "105"]
[EventDate "2015.05.02"]
[EventType "swiss"]
[EventRounds "5"]
[EventCountry "CAN"]

1. e4 e6 2. d4 d5 3. Nc3 dxe4 4. Nxe4 Nf6 5. Nxf6+ Qxf6 6. Nf3 h6 7. g3 Nc6 8.
Bg2 Bd6 9. O-O Bd7 10. Re1 O-O-O 11. c4 g5 12. c5 Be7 13. Ne5 Bxc5 14. dxc5
Nxe5 15. Qb3 Bc6 16. Qc3 Nf3+ 17. Bxf3 Qxf3 18. Qxf3 Bxf3 19. b4 Rd1 20. Rxd1
Bxd1 21. Bxg5 hxg5 22. Rxd1 Rd8 23. Rxd8+ Kxd8 24. h4 gxh4 25. gxh4 Ke7 26. Kg2
Kf6 27. Kg3 Kg6 28. f4 f6 29. b5 c6 30. bxc6 bxc6 31. Kg4 Kh6 32. h5 a5 33. a4
Kg7 34. Kh4 Kh7 35. Kg3 f5 36. Kf3 Kh6 37. Ke3 Kxh5 38. Kd4 Kg6 39. Ke5 Kf7 40.
Kd6 Kf6 41. Kxc6 e5 42. fxe5+ Kxe5 43. Kb6 f4 44. c6 f3 45. c7 f2 46. c8=Q f1=Q
47. Qe8+ Kd4 48. Qd7+ Kc3 49. Qc6+ Kb3 50. Qb5+ Qxb5+ 51. Kxb5 Kc3 52. Kxa5 Kc4
53. Kb6 1-0

[Event "10th Edmonton International Qualifier"]
[Site "Edmonton"]
[Date "2015.05.03"]
[Round "5.5"]
[White "Pfeffer, Gerald"]
[Black "Mo, Michelle"]
[Result "1-0"]
[WhiteElo "1627"]
[BlackElo "1399"]
[PlyCount "123"]
[EventDate "2015.05.02"]
[EventType "swiss"]
[EventRounds "5"]
[EventCountry "CAN"]

1. e4 c5 2. Nf3 d6 3. d4 cxd4 4. Nxd4 Nf6 5. Nc3 a6 6. Be2 Nc6 7. Be3 e6 8. Qd2
Be7 9. f3 Bd7 10. O-O O-O 11. Kh1 b5 12. Nxc6 Bxc6 13. a3 Rc8 14. Rac1 Qc7 15.
Rfd1 d5 16. exd5 Bxd5 17. Bf4 Bd6 18. Bxd6 Qxd6 19. Nxd5 Nxd5 20. c4 bxc4 21.
Bxc4 Rfd8 22. Bxd5 Qxd5 23. Rxc8 Rxc8 24. Qxd5 exd5 25. Kg1 Rd8 26. b4 Kf8 27.
Kf2 Ke7 28. Ke3 Ke6 29. Rc1 Re8 30. Kd4 Kd6 31. Rc5 Re5 32. Ra5 f6 33. Rxa6+
Kc7 34. Ra7+ Kb6 35. Rxg7 Kb5 36. Rxh7 Ka4 37. Ra7+ Kb5 38. Ra5+ Kc6 39. Ra6+
Kb5 40. Rxf6 Re2 41. Kxd5 Rxg2 42. h4 Rh2 43. Rh6 Rh3 44. Ke4 Ka4 45. Ra6+ Kb5
46. Ra5+ Kb6 47. h5 Kc6 48. a4 Kb6 49. Rg5 Rh4+ 50. f4 Ka6 51. Rg6+ Kb7 52. h6
Rh1 53. Rg7+ Kc6 54. h7 Re1+ 55. Kf5 Re8 56. Rg8 Rxg8 57. hxg8=Q Kb6 58. Qe6+
Kc7 59. b5 Kb7 60. a5 Ka8 61. Qc8+ Ka7 62. b6# 1-0

[Event "10th Edmonton International Qualifier"]
[Site "Edmonton"]
[Date "2015.05.03"]
[Round "5.6"]
[White "Briones, Dante"]
[Black "Superceanu, Andi"]
[Result "1/2-1/2"]
[WhiteElo "2004"]
[BlackElo "1305"]
[PlyCount "109"]
[EventDate "2015.05.02"]
[EventType "swiss"]
[EventRounds "5"]
[EventCountry "CAN"]

1. e4 c5 2. Nf3 Nc6 3. d4 cxd4 4. Nxd4 g6 5. c4 Bg7 6. Be3 Nf6 7. Nd2 d6 8. Be2
O-O 9. O-O Bd7 10. Rc1 Rc8 11. Qb3 Nxe4 12. N2f3 Nxd4 13. Nxd4 Nd2 14. Bxd2
Bxd4 15. Bg5 Re8 16. Qa3 Qb6 17. b4 Qc7 18. Qg3 Bg7 19. Qh4 Be6 20. Rfd1 Bf5
21. Bd3 Bxd3 22. Rxd3 f6 23. Bd2 Kf7 24. c5 Qd7 25. Rd1 Qb5 26. Be3 dxc5 27.
bxc5 Red8 28. Rxd8 Rxd8 29. Re1 Qa5 30. Qc4+ Kf8 31. Rb1 Qc7 32. Qe6 Qd7 33.
Qb3 Qd3 34. f3 Qxb3 35. Rxb3 Rd7 36. a4 f5 37. a5 Rc7 38. Kf1 Ke8 39. Ke2 Kd7
40. Kd3 Kc6 41. Kc4 a6 42. Rb6+ Kd7 43. Kd5 Bc3 44. Bf4 e5 45. Bg5 Bxa5 46.
Rd6+ Ke8 47. Bd8 Rxc5+ 48. Kxc5 Bxd8 49. Re6+ Kd7 50. Rxe5 b6+ 51. Kd5 Bc7 52.
Re6 a5 53. h4 b5 54. h5 g5 55. Rh6 1/2-1/2

[Event "10th Edmonton International Qualifier"]
[Site "Edmonton"]
[Date "2015.05.03"]
[Round "5.8"]
[White "Young, Joseph"]
[Black "Taranik, Alexey"]
[Result "1/2-1/2"]
[WhiteElo "1867"]
[BlackElo "1855"]
[PlyCount "78"]
[EventDate "2015.05.02"]
[EventType "swiss"]
[EventRounds "5"]
[EventCountry "CAN"]

1. d4 e6 2. Nf3 Nf6 3. e3 b6 4. Bd3 Bb7 5. Nbd2 c5 6. b3 Nc6 7. O-O Be7 8. Bb2
O-O 9. Ne5 d6 10. Nxc6 Bxc6 11. e4 cxd4 12. Bxd4 e5 13. Bb2 Qc7 14. c4 Qb7 15.
Qe2 Rfe8 16. b4 Bd7 17. h3 a5 18. b5 Rac8 19. a4 Be6 20. Kh2 Qc7 21. Ba3 Nd7
22. Rac1 Nc5 23. Bc2 Rcd8 24. Nb1 Rf8 25. Bxc5 dxc5 26. Nd2 Bg5 27. Bd3 Rxd3
28. Qxd3 Rd8 29. Qb3 Rxd2 30. Rcd1 Rd4 31. Rxd4 exd4+ 32. g3 Qd7 33. h4 Be7 34.
f4 Bg4 35. Qd3 Qd8 36. Kg2 Qd7 37. Kh2 h5 38. Re1 Kf8 39. Rf1 f5 1/2-1/2

[Event "10th Edmonton International Qualifier"]
[Site "Edmonton"]
[Date "2015.05.03"]
[Round "5.9"]
[White "Macdonald, Dean"]
[Black "Fellah, Mohamad"]
[Result "0-1"]
[WhiteElo "1428"]
[BlackElo "1902"]
[PlyCount "66"]
[EventDate "2015.05.02"]
[EventType "swiss"]
[EventRounds "5"]
[EventCountry "CAN"]

1. d4 Nf6 2. c4 e6 3. Nf3 d5 4. Nc3 c6 5. Bg5 h6 6. Bh4 dxc4 7. e4 g5 8. Bg3 b5
9. a3 Bb7 10. Be2 Bg7 11. O-O Nbd7 12. Qc2 a6 13. Rad1 O-O 14. Ne5 Nxe5 15.
dxe5 Nd7 16. Rd6 Qc7 17. f4 gxf4 18. Rxf4 Nxe5 19. Qd2 Rad8 20. Rxd8 Qxd8 21.
Qc2 Nd3 22. Rf1 Qb6+ 23. Kh1 Qe3 24. Bf3 Nxb2 25. Bf2 Qxc3 26. Qe2 Qxa3 27. e5
Qd3 28. Bc5 Rd8 29. Bd6 Qxe2 30. Bxe2 Bf8 31. Rf6 Bxd6 32. exd6 Kg7 33. Rf4
Rxd6 0-1

[Event "10th Edmonton International Qualifier"]
[Site "Edmonton"]
[Date "2015.05.03"]
[Round "5.10"]
[White "Kadavil, Suresh"]
[Black "Superceanu, Bogdan"]
[Result "0-1"]
[WhiteElo "1623"]
[BlackElo "1785"]
[PlyCount "64"]
[EventDate "2015.05.02"]
[EventType "swiss"]
[EventRounds "5"]
[EventCountry "CAN"]

1. b3 d5 2. Bb2 c5 3. e3 Bf5 4. Bb5+ Nd7 5. Nf3 a6 6. Be2 Ngf6 7. c4 e6 8. Nh4
Bg6 9. Nxg6 hxg6 10. cxd5 Nxd5 11. Nc3 N7f6 12. Qc2 Nb4 13. Qb1 Bd6 14. h3 O-O
15. a3 Nc6 16. h4 Be7 17. h5 gxh5 18. Bxh5 Nxh5 19. Rxh5 f5 20. Ke2 Qe8 21. Qh1
Qg6 22. Rg1 Rad8 23. Nd1 f4 24. Rh8+ Kf7 25. Qh5 Rxh8 26. Qxg6+ Kxg6 27. exf4
Nd4+ 28. Ke3 Nxb3 29. Be5 c4 30. Bc3 Bxa3 31. g4 Rh3+ 32. Ke4 Nc5+ 0-1

[Event "10th Edmonton International Qualifier"]
[Site "Edmonton"]
[Date "2015.05.03"]
[Round "5.11"]
[White "Morrick, James"]
[Black "Taranik, Nikita"]
[Result "1/2-1/2"]
[WhiteElo "1515"]
[BlackElo "1029"]
[PlyCount "99"]
[EventDate "2015.05.02"]
[EventType "swiss"]
[EventRounds "5"]
[EventCountry "CAN"]

1. e4 e5 2. Nf3 Nc6 3. a3 Nf6 4. Nc3 d5 5. exd5 Nxd5 6. Nxd5 Qxd5 7. b3 Bg4 8.
Be2 Bc5 9. O-O O-O 10. h3 Bh5 11. Nh2 Bxe2 12. Qxe2 Rfe8 13. Bb2 h6 14. Rac1
Kh7 15. Rfd1 Re6 16. Ng4 f5 17. Ne3 Bxe3 18. dxe3 Qe4 19. Qd3 Qxd3 20. Rxd3 Rd8
21. Rcd1 Red6 22. Kf1 e4 23. Rxd6 Rxd6 24. Rxd6 cxd6 25. Ke2 Kg6 26. b4 Kf7 27.
c4 g5 28. b5 Na5 29. Bd4 b6 30. a4 Nxc4 31. f3 h5 32. fxe4 fxe4 33. g3 Ke6 34.
Kd1 Kd5 35. Kc2 Ne5 36. a5 Kc4 37. axb6 axb6 38. Bxb6 Kxb5 39. Bd8 g4 40. hxg4
hxg4 41. Kc3 Kc5 42. Bf6 Nd3 43. Kd2 Kc4 44. Ke2 d5 45. Bh8 Kc5 46. Bg7 Kd6 47.
Bh8 Ne5 48. Bg7 Nf3 49. Bh8 Kc5 50. Bg7 1/2-1/2

[Event "2015 Red Deer Open"]
[Site "Red Deer"]
[Date "2015.05.16"]
[Round "1.1"]
[White "Miller, David"]
[Black "Taranik, Alexey"]
[Result "1-0"]
[WhiteElo "2216"]
[BlackElo "1699"]
[PlyCount "103"]
[EventDate "2015.05.17"]
[EventType "swiss"]
[EventRounds "5"]
[EventCountry "CAN"]

1. e4 e6 2. d4 d5 3. Nc3 Nf6 4. e5 Nfd7 5. f4 c5 6. Nf3 Nc6 7. Be3 a6 8. Qd2 b5
9. dxc5 Bxc5 10. Bd3 Qb6 11. Bf2 Bxf2+ 12. Qxf2 Qxf2+ 13. Kxf2 Nb6 14. Ne2 Bd7
15. Ned4 Ne7 16. g4 g6 17. b3 h5 18. h3 Rc8 19. a3 Rc7 20. Rhe1 Rc8 21. Kg3 Nc6
22. Nxc6 Bxc6 23. Nd4 hxg4 24. hxg4 Bb7 25. Rh1 Ke7 26. f5 gxf5 27. gxf5 Rcg8+
28. Kf4 Nd7 29. f6+ Nxf6 30. exf6+ Kxf6 31. Nf3 Ke7 32. Rag1 Kf6 33. Rxg8 Rxg8
34. Rh7 Bc6 35. Ne5 Be8 36. Ng4+ Ke7 37. Ne5 Kf6 38. Bg6 Rxg6 39. Nxg6 fxg6 40.
Ra7 g5+ 41. Kg4 Bg6 42. c3 Bf5+ 43. Kg3 Bc2 44. b4 Bd3 45. Rxa6 Kf5 46. a4 bxa4
47. Rxa4 e5 48. Ra5 Bc4 49. b5 Ke4 50. b6 d4 51. b7 dxc3 52. b8=Q 1-0

[Event "2015 Red Deer Open"]
[Site "Red Deer"]
[Date "2015.05.16"]
[Round "1.2"]
[White "Kadavil, Suresh"]
[Black "Nguyen, Kim"]
[Result "0-1"]
[WhiteElo "1737"]
[BlackElo "2210"]
[PlyCount "80"]
[EventDate "2015.05.17"]
[EventType "swiss"]
[EventRounds "5"]
[EventCountry "CAN"]

1. b3 e5 2. Bb2 Nc6 3. e3 Nf6 4. Bb5 Bd6 5. Nf3 e4 6. Nd4 Nxd4 7. Bxd4 Qe7 8.
f4 exf3 9. Qxf3 Be5 10. c3 O-O 11. O-O d5 12. Bxe5 Qxe5 13. d4 Qg5 14. Nd2 Qg6
15. e4 dxe4 16. Nxe4 Qxe4 17. Rae1 Qxf3 18. Rxf3 c6 19. Bd3 Bg4 20. Rfe3 Rae8
21. Kf2 Bh5 22. Kg3 Bg6 23. Bxg6 hxg6 24. c4 Rxe3+ 25. Rxe3 Rd8 26. Re7 Rd7 27.
Rxd7 Nxd7 28. Kf4 f6 29. d5 cxd5 30. cxd5 Kf7 31. Ke4 Ke7 32. Kd4 Kd6 33. Ke4
Nb6 34. h4 Nxd5 35. g4 Nc3+ 36. Kf4 Nxa2 37. h5 gxh5 38. gxh5 a5 39. Kf5 Ke7
40. Kg6 Kf8 0-1

[Event "2015 Red Deer Open"]
[Site "Red Deer"]
[Date "2015.05.16"]
[Round "1.3"]
[White "Cheng, Louis"]
[Black "Morrick, James"]
[Result "1-0"]
[WhiteElo "2203"]
[BlackElo "1503"]
[PlyCount "79"]
[EventDate "2015.05.17"]
[EventType "swiss"]
[EventRounds "5"]
[EventCountry "CAN"]

1. d4 f5 2. e4 fxe4 3. Nc3 Nf6 4. Bg5 d5 5. Bxf6 exf6 6. Qh5+ g6 7. Qxd5 f5 8.
Qe5+ Qe7 9. Qxh8 Nc6 10. Bb5 Bd7 11. Bxc6 bxc6 12. Qe5 Be6 13. Nge2 Bg7 14. Qc5
Qd7 15. O-O Bf8 16. Qe5 Bd6 17. Qh8+ Bf8 18. Qe5 Rd8 19. Nf4 Kf7 20. Qxe6+ Qxe6
21. Nxe6 Kxe6 22. Rad1 Rb8 23. b3 Bb4 24. d5+ Ke5 25. Ne2 cxd5 26. c4 c6 27.
Nd4 Rc8 28. f4+ Kd6 29. Kf2 a6 30. Rc1 c5 31. cxd5 Bd2 32. Rc2 Bxf4 33. g3 Bh6
34. Nc6 Re8 35. Rd1 e3+ 36. Kf3 g5 37. h3 Re4 38. Na5 g4+ 39. hxg4 fxg4+ 40.
Kxe4 1-0

[Event "2015 Red Deer Open"]
[Site "Red Deer"]
[Date "2015.05.16"]
[Round "1.5"]
[White "Kobalenko, Jerry"]
[Black "Schlegel, Zacchary"]
[Result "1-0"]
[WhiteElo "1917"]
[BlackElo "1489"]
[PlyCount "45"]
[EventDate "2015.05.17"]
[EventType "swiss"]
[EventRounds "5"]
[EventCountry "CAN"]

1. Nf3 d5 2. g3 c5 3. Bg2 Nc6 4. d4 Nf6 5. O-O Bg4 6. Ne5 e6 7. c4 cxd4 8. Nxg4
Nxg4 9. e4 Nf6 10. exd5 exd5 11. Bg5 Be7 12. Bxf6 Bxf6 13. cxd5 Ne7 14. Qb3 O-O
15. Qxb7 Rb8 16. Qxa7 Rxb2 17. Qc5 d3 18. Na3 Re2 19. Rad1 Rxa2 20. Rxd3 Nc8
21. d6 Qb6 22. Qd5 Rd8 23. Qxa2 1-0

[Event "2015 Red Deer Open"]
[Site "Red Deer"]
[Date "2015.05.16"]
[Round "1.6"]
[White "Scholz, Mike"]
[Black "Quiring, John"]
[Result "0-1"]
[WhiteElo "1440"]
[BlackElo "1876"]
[PlyCount "62"]
[EventDate "2015.05.17"]
[EventType "swiss"]
[EventRounds "5"]
[EventCountry "CAN"]

1. Nf3 Nf6 2. Nc3 g6 3. e4 d6 4. d3 Bg7 5. Be2 O-O 6. O-O c6 7. Bg5 b5 8. Qd2
Re8 9. b4 Bb7 10. Rab1 Nbd7 11. Bh6 Bh8 12. d4 Nb6 13. Nh4 e5 14. dxe5 Rxe5 15.
Bf4 Nxe4 16. Nxe4 Rxe4 17. Bf3 Rd4 18. Qxd4 Bxd4 19. Bg3 Bf6 20. Rbd1 Nc4 21.
Nxg6 hxg6 22. Be2 d5 23. Bxc4 bxc4 24. Rfe1 a5 25. bxa5 Rxa5 26. h3 Rxa2 27.
Re2 d4 28. Rde1 Kg7 29. Re8 Qd5 30. Be5 c5 31. Bxf6+ Kxf6 0-1

[Event "2015 Red Deer Open"]
[Site "Red Deer"]
[Date "2015.05.16"]
[Round "1.7"]
[White "Bentley, Bill"]
[Black "Boake, Leslie"]
[Result "1-0"]
[WhiteElo "1875"]
[BlackElo "1287"]
[PlyCount "61"]
[EventDate "2015.05.17"]
[EventType "swiss"]
[EventRounds "5"]
[EventCountry "CAN"]

1. d4 Nf6 2. c4 g6 3. Nc3 d5 4. Nf3 Bg7 5. e3 Bg4 6. Qb3 b6 7. Ne5 Nbd7 8. Nxg4
Nxg4 9. h3 Ngf6 10. cxd5 O-O 11. Be2 Re8 12. O-O e6 13. dxe6 Rxe6 14. Bc4 Re7
15. Bd2 Nc5 16. dxc5 Qxd2 17. Rad1 Qd7 18. Rxd7 Nxd7 19. cxb6 axb6 20. Nd5 Re5
21. Nxc7 Rf8 22. Rd1 Re7 23. Nd5 Re5 24. Qb4 Rfe8 25. Nxb6 Bf8 26. Qb3 Kg7 27.
Nxd7 Rf5 28. Nxf8 Kxf8 29. Rd7 Kg7 30. Bxf7 Rxf7 31. Qxf7+ 1-0

[Event "2015 Red Deer Open"]
[Site "Red Deer"]
[Date "2015.05.16"]
[Round "1.8"]
[White "Taranik, Nikita"]
[Black "Panteluk, Steven"]
[Result "1/2-1/2"]
[WhiteElo "1061"]
[BlackElo "1786"]
[PlyCount "85"]
[EventDate "2015.05.17"]
[EventType "swiss"]
[EventRounds "5"]
[EventCountry "CAN"]

1. e4 e5 2. Nf3 Nc6 3. Nc3 Nf6 4. d4 d6 5. dxe5 Nxe5 6. Nxe5 dxe5 7. Qxd8+ Kxd8
8. Bg5 Be7 9. O-O-O+ Bd7 10. g3 c6 11. Bh3 Ke8 12. Bxf6 Bxh3 13. Bxe5 f6 14.
Bd4 Kf7 15. f4 c5 16. Be3 Rhe8 17. Rd5 b6 18. Rd2 g6 19. Rg1 Bc8 20. Nd5 Bb7
21. Nc7 Bxe4 22. Nxa8 Rxa8 23. Rd7 Ke6 24. Rgd1 Bc6 25. R7d2 b5 26. Re1 Kf7 27.
Bf2 a6 28. Rde2 Ra7 29. b4 Bd5 30. Bxc5 Bxc5 31. bxc5 Bxa2 32. c3 Bc4 33. Rd2
Rc7 34. Red1 h5 35. Rd7+ Rxd7 36. Rxd7+ Ke6 37. Ra7 Kd5 38. Rxa6 Kxc5 39. Rxf6
Bd3 40. Kd2 Bf5 41. Rxf5+ gxf5 42. Kd3 Kd5 43. h3 1/2-1/2

[Event "2015 Red Deer Open"]
[Site "Red Deer"]
[Date "2015.05.16"]
[Round "1.9"]
[White "Steele, Len C."]
[Black "Schlegel, Allan"]
[Result "1-0"]
[WhiteElo "1758"]
[BlackElo "768"]
[PlyCount "51"]
[EventDate "2015.05.17"]
[EventType "swiss"]
[EventRounds "5"]
[EventCountry "CAN"]

1. Nf3 d5 2. d4 Nc6 3. Bf4 f6 4. e3 e6 5. c3 Nge7 6. Bd3 Nf5 7. g4 Bd6 8. gxf5
Bxf4 9. exf4 O-O 10. Qd2 Re8 11. Na3 exf5+ 12. Kd1 Be6 13. Kc2 Qd7 14. Rae1 Na5
15. b3 Qd6 16. Kb2 Bd7 17. Rxe8+ Rxe8 18. Re1 Rf8 19. h4 Be8 20. Bxf5 h6 21.
Qe3 Bf7 22. Be6 Kh8 23. Bxf7 Qd7 24. Bg6 Qg4 25. f5 Nc6 26. Qe8 1-0

[Event "2015 Red Deer Open"]
[Site "Red Deer"]
[Date "2015.05.16"]
[Round "2.1"]
[White "Kobalenko, Jerry"]
[Black "Miller, David"]
[Result "0-1"]
[WhiteElo "1917"]
[BlackElo "2216"]
[PlyCount "122"]
[EventDate "2015.05.17"]
[EventType "swiss"]
[EventRounds "5"]
[EventCountry "CAN"]

1. Nf3 Nf6 2. g3 g6 3. b3 Bg7 4. Bb2 O-O 5. Bg2 d6 6. d4 Nbd7 7. c4 c5 8. Nc3
a6 9. O-O Rb8 10. a4 cxd4 11. Nxd4 a5 12. e4 Nc5 13. Kh1 h5 14. h3 Bd7 15. f4
Bc6 16. Qc2 Nfd7 17. Rad1 Qb6 18. Ncb5 Na6 19. g4 hxg4 20. hxg4 Nf6 21. Bf3 Nc5
22. Rfe1 e5 23. Nxc6 bxc6 24. Rxd6 Ne8 25. Rd2 cxb5 26. axb5 Qf6 27. Bxe5 Qh4+
28. Kg2 Bxe5 29. Rh1 Qe7 30. fxe5 Ne6 31. Kf1 Ng5 32. Qc3 f6 33. e6 Qb4 34. Qe3
Ng7 35. Rdh2 N5xe6 36. Qa7 Nh5 37. gxh5 Qxb3 38. Be2 g5 39. Qxa5 Ra8 40. Qb6
Qb1+ 41. Kf2 Qxe4 42. Qe3 Qf5+ 43. Kg3 Nf4 44. Bg4 Qh7 45. Be6+ Kh8 46. Rd2
Rfe8 47. Rd7 Qxd7 48. Bxd7 Rxe3+ 49. Kf2 Rc3 50. Rb1 Ra2+ 51. Kf1 Rf3+ 52. Kg1
Rd3 53. Bf5 Rg3+ 54. Kf1 Nh3 55. Bxh3 Rxh3 56. Kg1 Rg3+ 57. Kf1 Rf3+ 58. Kg1
Rff2 59. c5 Rfb2 60. Rxb2 Rxb2 61. b6 Rb5 0-1

[Event "2015 Red Deer Open"]
[Site "Red Deer"]
[Date "2015.05.16"]
[Round "2.2"]
[White "Nguyen, Kim"]
[Black "Bentley, Bill"]
[Result "1-0"]
[WhiteElo "2210"]
[BlackElo "1875"]
[PlyCount "91"]
[EventDate "2015.05.17"]
[EventType "swiss"]
[EventRounds "5"]
[EventCountry "CAN"]

1. e4 e6 2. d4 d5 3. Nd2 Nf6 4. e5 Nfd7 5. Bd3 c5 6. c3 Nc6 7. Ne2 cxd4 8. cxd4
f6 9. exf6 Nxf6 10. Nf3 Bd6 11. O-O Qc7 12. Bd2 O-O 13. Rc1 Bd7 14. Ng3 Rae8
15. Bc3 Qb8 16. Re1 e5 17. dxe5 Nxe5 18. Be2 Bg4 19. Bxe5 Bxf3 20. Bxd6 Bxe2
21. Bxb8 Bxd1 22. Rcxd1 Rxb8 23. Nf5 Rbd8 24. f3 Rfe8 25. Kf2 g6 26. Rxe8+ Rxe8
27. Ne3 Rd8 28. g4 g5 29. Kg3 Kf7 30. Rd2 Kg6 31. h4 h5 32. hxg5 Kxg5 33. gxh5
Nxh5+ 34. Kf2 Nf6 35. Rd4 Rd7 36. Ke2 a6 37. Kd3 b5 38. Rb4 Ne8 39. Rg4+ Kf6
40. Rf4+ Ke6 41. Rh4 Rf7 42. f4 Rf6 43. f5+ Kd6 44. Rh7 Kc5 45. Rd7 Nd6 46.
Rc7+ 1-0

[Event "2015 Red Deer Open"]
[Site "Red Deer"]
[Date "2015.05.16"]
[Round "2.3"]
[White "Quiring, John"]
[Black "Cheng, Louis"]
[Result "0-1"]
[WhiteElo "1876"]
[BlackElo "2203"]
[PlyCount "68"]
[EventDate "2015.05.17"]
[EventType "swiss"]
[EventRounds "5"]
[EventCountry "CAN"]

1. e4 c5 2. b3 Nc6 3. Bb2 d6 4. Nf3 Nf6 5. Nc3 g6 6. Be2 Bg7 7. Nd5 e5 8. Nxf6+
Bxf6 9. O-O O-O 10. a4 Bg7 11. d3 f5 12. exf5 gxf5 13. Nd2 Bh6 14. Nc4 Be6 15.
Bf3 Qc7 16. Qe2 Rae8 17. Bh5 Re7 18. Bc3 Nd4 19. Bxd4 cxd4 20. Qe1 Bd5 21. Qb4
Rf6 22. Rae1 Rg7 23. g3 f4 24. Nd2 fxg3 25. hxg3 Be3 26. Ne4 Bxe4 27. dxe4 Qxc2
28. Re2 Rxg3+ 29. Kh2 Qxe4 30. Qc4+ Kg7 31. fxg3 Rxf1 32. Rg2 Qb1 33. Qc7+ Kh6
34. Qxd6+ Kxh5 0-1

[Event "2015 Red Deer Open"]
[Site "Red Deer"]
[Date "2015.05.16"]
[Round "2.4"]
[White "Tran-Ly, Tristan"]
[Black "Steele, Len C."]
[Result "1-0"]
[WhiteElo "2122"]
[BlackElo "1758"]
[PlyCount "41"]
[EventDate "2015.05.17"]
[EventType "swiss"]
[EventRounds "5"]
[EventCountry "CAN"]

1. d4 Nf6 2. c4 e6 3. Nf3 d5 4. Nc3 Be7 5. Bf4 O-O 6. e3 Nh5 7. Be5 f6 8. Bg3
f5 9. Ne5 Nf6 10. Qc2 c6 11. Bd3 Ne8 12. Rd1 Na6 13. a3 Nac7 14. c5 Nf6 15. f3
Bd7 16. Bf2 Nb5 17. Ne2 Nc7 18. g4 Nfe8 19. Ng3 Bh4 20. gxf5 Bxg3 21. hxg3 1-0

[Event "2015 Red Deer Open"]
[Site "Red Deer"]
[Date "2015.05.16"]
[Round "2.6"]
[White "Panteluk, Steven"]
[Black "Hughey, Leah"]
[Result "1/2-1/2"]
[WhiteElo "1786"]
[BlackElo "1726"]
[PlyCount "57"]
[EventDate "2015.05.17"]
[EventType "swiss"]
[EventRounds "5"]
[EventCountry "CAN"]

1. d4 Nf6 2. c4 e6 3. Nf3 b6 4. g3 Bb7 5. Bg2 d5 6. O-O Be7 7. Re1 O-O 8. Qc2
c5 9. b3 dxc4 10. Qxc4 Nc6 11. Rd1 Nxd4 12. Nxd4 Bxg2 13. Kxg2 e5 14. Bb2 exd4
15. e3 Qd5+ 16. Qxd5 Nxd5 17. exd4 Bf6 18. Rd2 Rfe8 19. Na3 cxd4 20. Bxd4 Bxd4
21. Rxd4 Re5 22. Rad1 Nc3 23. R1d2 g6 24. Nc4 Re2 25. Rd7 b5 26. Rxe2 Nxe2 27.
Nd6 Nc3 28. a3 f5 29. Rc7 1/2-1/2

[Event "2015 Red Deer Open"]
[Site "Red Deer"]
[Date "2015.05.16"]
[Round "2.7"]
[White "Morrick, James"]
[Black "Kadavil, Suresh"]
[Result "1-0"]
[WhiteElo "1503"]
[BlackElo "1737"]
[PlyCount "81"]
[EventDate "2015.05.17"]
[EventType "swiss"]
[EventRounds "5"]
[EventCountry "CAN"]

1. e4 b6 2. Bc4 Bb7 3. d3 e6 4. Nc3 Nf6 5. f3 Nc6 6. Nge2 Na5 7. Bf4 Nxc4 8.
dxc4 Nh5 9. Be3 f5 10. exf5 exf5 11. Qd2 Qh4+ 12. Bf2 Qxc4 13. O-O-O O-O-O 14.
Qg5 g6 15. Rd4 Qe6 16. Ra4 a5 17. Nd4 Qf6 18. Qd2 Bc5 19. a3 Rhe8 20. b4 axb4
21. axb4 Bd6 22. Kb2 Nf4 23. Rha1 c6 24. g3 Ne6 25. Qd3 Kc7 26. Kb3 Nxd4+ 27.
Bxd4 Be5 28. Qc4 d5 29. Bxb6+ Kxb6 30. Qc5+ Kc7 31. Qa5+ Kd7 32. Qb6 Bxc3 33.
Qxb7+ Kd6 34. Ra6 Rc8 35. R1a5 Bxb4 36. Qxb4+ Kd7 37. Rxd5+ cxd5 38. Rxf6 Rb8
39. Rb6 Kc7 40. Qc5+ Kd7 41. Qxd5+ 1-0

[Event "2015 Red Deer Open"]
[Site "Red Deer"]
[Date "2015.05.16"]
[Round "3.1"]
[White "Miller, David"]
[Black "Tran-Ly, Tristan"]
[Result "1-0"]
[WhiteElo "2216"]
[BlackElo "2122"]
[PlyCount "69"]
[EventDate "2015.05.17"]
[EventType "swiss"]
[EventRounds "5"]
[EventCountry "CAN"]

1. e4 g6 2. d4 c6 3. Nf3 d5 4. Nbd2 Bg7 5. c3 Nh6 6. Bd3 O-O 7. h3 f6 8. O-O
Nf7 9. Qb3 Qb6 10. exd5 Qxb3 11. axb3 cxd5 12. c4 dxc4 13. bxc4 Rd8 14. Re1 Nc6
15. d5 Nce5 16. Nxe5 Nxe5 17. Bc2 g5 18. Bb3 e6 19. Ne4 exd5 20. cxd5 b6 21.
Be3 Bb7 22. Red1 h6 23. f4 gxf4 24. Bxf4 Ng6 25. Bc7 Rd7 26. d6+ Kh8 27. Be6
Rdd8 28. Bxd8 Rxd8 29. Ng3 a5 30. Rac1 Nf4 31. Bf5 h5 32. Rc7 Ba6 33. d7 Bf8
34. Re1 h4 35. Re8 1-0

[Event "2015 Red Deer Open"]
[Site "Red Deer"]
[Date "2015.05.16"]
[Round "3.2"]
[White "Cheng, Louis"]
[Black "Nguyen, Kim"]
[Result "0-1"]
[WhiteElo "2203"]
[BlackElo "2210"]
[PlyCount "98"]
[EventDate "2015.05.17"]
[EventType "swiss"]
[EventRounds "5"]
[EventCountry "CAN"]

1. d4 Nf6 2. c4 e6 3. Nc3 Bb4 4. Bg5 h6 5. Bh4 O-O 6. Qb3 a5 7. O-O-O Bxc3 8.
Bxf6 Bxb2+ 9. Qxb2 Qxf6 10. e3 Nc6 11. g4 Qe7 12. a3 b6 13. Bg2 Ba6 14. d5 exd5
15. Bxd5 Qc5 16. Ne2 Bxc4 17. Nc3 b5 18. g5 hxg5 19. h4 Ne5 20. Ne4 Qe7 21.
Nxg5 Ra6 22. Rhg1 Bxd5 23. Rxd5 Rc6+ 24. Kb1 Rc5 25. Rxc5 Qxc5 26. Ne4 Qe7 27.
f4 f5 28. Ng5 Nc4 29. Qd4 c6 30. h5 Rf6 31. e4 fxe4 32. Rg3 d5 33. Kc2 Nxa3+
34. Kd1 Nc4 35. Ke2 a4 36. Nh3 Nd6 37. Rg5 Nf5 38. Qb6 d4 39. h6 d3+ 40. Kf2
e3+ 41. Kg2 Qe4+ 42. Kh2 Rxh6 43. Qd8+ Kh7 44. Qf8 Qxf4+ 45. Kg1 d2 46. Rxg7+
Nxg7 47. Nxf4 d1=Q+ 48. Kg2 Qg4+ 49. Kf1 Rh1# 0-1

[Event "2015 Red Deer Open"]
[Site "Red Deer"]
[Date "2015.05.16"]
[Round "3.3"]
[White "Quiring, John"]
[Black "Hughey, Micah"]
[Result "0-1"]
[WhiteElo "1876"]
[BlackElo "2167"]
[PlyCount "37"]
[EventDate "2015.05.17"]
[EventType "swiss"]
[EventRounds "5"]
[EventCountry "CAN"]

1. e4 e5 2. Nf3 Nc6 3. d4 exd4 4. Nxd4 Nf6 5. Nxc6 bxc6 6. Bd3 d5 7. exd5 cxd5
8. O-O Be7 9. c4 O-O 10. Nd2 d4 11. Qc2 c5 12. Ne4 h6 13. Bf4 Bb7 14. h3 Re8
15. Rfe1 Qd7 16. a3 a5 17. f3 Nxe4 18. fxe4 Bh4 19. Re2 0-1

[Event "2015 Red Deer Open"]
[Site "Red Deer"]
[Date "2015.05.16"]
[Round "3.4"]
[White "Hughey, Leah"]
[Black "Kobalenko, Jerry"]
[Result "0-1"]
[WhiteElo "1726"]
[BlackElo "1917"]
[PlyCount "72"]
[EventDate "2015.05.17"]
[EventType "swiss"]
[EventRounds "5"]
[EventCountry "CAN"]

1. c4 g6 2. g3 d5 3. cxd5 Qxd5 4. Nf3 c5 5. Nc3 Qd7 6. e4 Bg7 7. Bb5 Nc6 8. Qa4
e6 9. Bxc6 bxc6 10. e5 Ne7 11. Ne4 O-O 12. Nf6+ Bxf6 13. exf6 Nd5 14. Qh4 Qd8
15. d4 Qxf6 16. Qxf6 Nxf6 17. dxc5 Rb8 18. Bh6 Re8 19. Ne5 Rxb2 20. Nc4 Rb4 21.
Nd6 Rd8 22. O-O Ba6 23. Rfe1 Nd5 24. Re5 Rdb8 25. Rae1 Bc4 26. Nxc4 Rxc4 27.
Be3 Rb2 28. a3 Rb3 29. Ra1 Nxe3 30. fxe3 Ra4 31. Rd1 Raxa3 32. Re4 Kg7 33. Kg2
Rb2+ 34. Kh3 Raa2 35. Rh1 Rc2 36. Re5 Kf6 0-1